| 000 | 00842nam a22001697a 4500 | ||
|---|---|---|---|
| 003 | SGT | ||
| 020 | _a9781259062865 | ||
| 082 | _a530.12,SCH | ||
| 100 | _aSCHIFF,L L I | ||
| 245 | _aQUANTUM MECHANICS | ||
| 250 | _a4TH | ||
| 260 |
_aNEW DELHI _bTMH _c2015 |
||
| 300 | _a547 | ||
| 650 | _aPHYSICS | ||
| 653 | _a1. THE PHYSICAL BASIS OF QUANTUM MECHANICS 2. FORMALISM/FOUNDATION OF QUANTUM MECHANICS 3. DISCRETE EIGENVALUES: BOUND STATE 4. SYMMETRY IN QUANTUM MECHANICS 5. THEORY OF ANGULAR MOMENTUM 6. QUANTUM MECHANICS IN THREE DIMENSIONS 7. APPROXIMATION METHODS: TIME-INDEPENDENT 8. APPROXIMATION METHODS: TIME-DEPENDENT PROBLEMS 9. SCATTERING THEORY 10. IDENTICAL PARTICLES AND SPIN 11. ATOMS, MOLECULES, AND ATOMIC NUCLEI 12. RELATIVISTIC WAVE EQUATIONS 13. THE QUANTIZATION OF WAVE FIELDS 14. RECENT DEVELOPMENTS | ||
| 942 |
_2ddc _cFPS _01 |
||
| 999 |
_c9371 _d9371 |
||